Restoring public finances, 2012 update

Na minha lista:
Detalhes bibliográficos
Formato: Livro
Idioma:inglês
Publicado em: Paris OECD 2012
Assuntos:
Tags: Adicionar Tag
Sem tags, seja o primeiro a adicionar uma tag!

MARC

LEADER 00000nam a2200000 4500
001 0175409
005 20240315121207.2
020 |a 978-92-64-17944-8 
041 0 |a eng 
044 |a FR 
245 1 0 |a Restoring public finances, 2012 update 
264 1 |a Paris  |b OECD  |c 2012 
300 |a 270 s. 
610 2 0 |a financie verejné 
610 2 0 |a politika fiškálna 
610 2 0 |a konsolidácia 
610 2 0 |a porovnanie štatistické